Hittukalude Katha (Record no. 119955)

MARC details
000 -LEADER
fixed length control field 00418nam a2200133Ia 4500
008 - FIXED-LENGTH DATA ELEMENTS--GENERAL INFORMATION
fixed length control field 211119s9999||||xx |||||||||||||| ||und||
082 ## - DEWEY DECIMAL CLASSIFICATION NUMBER
Classification number 791.43
Item number RAN-H
100 ## - MAIN ENTRY--PERSONAL NAME
Personal name Ranjini, Beena
245 #0 - TITLE STATEMENT
Title Hittukalude Katha
260 ## - PUBLICATION, DISTRIBUTION, ETC.
Name of publisher, distributor, etc. Mathrubhoomi
Place of publication, distribution, etc. Kozhikodu
Date of publication, distribution, etc. 2014
300 ## - PHYSICAL DESCRIPTION
Extent 263p
650 ## - SUBJECT ADDED ENTRY--TOPICAL TERM
Topical term or geographic name entry element The arts; fine & decorative arts
942 ## - ADDED ENTRY ELEMENTS (KOHA)
Koha item type BOOK
650 ## - SUBJECT ADDED ENTRY--TOPICAL TERM
Form subdivision Recreational & performing arts Public performancesMalayalam
General subdivision General Stack
Holdings
Withdrawn status Lost status Damaged status Not for loan Home library Current library Date acquired Cost, normal purchase price Total Checkouts Full call number Barcode Shelving location Date last seen Price effective from Koha item type
        SB LIBRARY SB LIBRARY 19/11/2021 200.00   791.43 RAN-H 00133444 GENERAL STACK 19/11/2021 19/11/2021 BOOK

Powered by Koha